000 00894nam a2200229 i 4500
001 113540
003 ES-MaACL
005 20230906185931.0
007 t|
008 061121s1915 sp r ||||1| spa d
100 1 _aPalanco Romero, José.
_988464
245 1 0 _aAben-Humeya en la historia y en la leyenda /
_cdiscurso leído en el acto de su recepción por D. José Palanco Romero ; y contestación del Sr. D. Eloy Señán Alonso.
260 _aGranada :
_b[s. n.],
_c1915 (
_fTip. de Guevara)
300 _a35 p. ;
_c27 cm.
594 _aPrecede al tít.: Real Academia de Bellas Artes de Granada.
600 1 4 _aAben-Humeya,
_9166833
651 4 _aEspaña-
_xHistoria-
_y1568-1570, Guerra de las Alpujarras.
_9149632
700 0 _aSeñan y Alonso, Eloy.
_9105485
710 0 _aReal Academia de Bellas Artes de Granada.
_96288
852 _aES-MaACL
_jT-1457-F-3
999 _c113540
_d113540